000
00285nam a22001337a 4500
008
180227b xxu||||| |||| 00| 0 eng d
020
_a
2900205485443
041
_a
eng
080
_2
2nd
_a
316
100
_a
50
101
_a
SOC
245
_a
Sexmatters
_c
Stombler,M
942
_2
udc
_c
BK
999
_c
43596
_d
43596